Statistics for 220 Essential Works of Art

Click here to take the quiz!

General Stats

  • This quiz has been taken 276 times
    (52 since last reset)
  • The average score is 12 of 219

Answer Stats

ArtistWork of Art% Correct
Edvard MunchThe Scream
94%
Leonardo Da VinciMona Lisa
90%
Vincent Van GoghStarry Night
80%
MichelangeloDavid
70%
Sandro BotticelliThe Birth of Venus
70%
Gustav KimlitThe Kiss
64%
Leonardo Da VinciThe Last Supper
64%
Pablo PicassoGuernica
52%
MichelangeloThe Creation of Adam
52%
Grant WoodAmerican Gothic
46%
Edward HopperNight Hawks
38%
RembrandtThe Night Watch
36%
Auguste RodinThe Thinker
36%
Diego VelázquezLas Meninas
34%
MichelangeloPieta
34%
Johannes VermeerGirl with the Pearl Earring
32%
Salvador DaliThe Persistance of Memory
32%
Hieronymus BoschThe Garden of Earthly Delights
26%
Katsushika HokusaiThe Great Wave off Kanagawa
20%
Claude MonetImpression, Sunrise
18%
Eugène DelacroixLiberty leading the People
16%
Francisco GoyaThe Third of May 1808
16%
Georges SeuratA Sunday Afternoon.......
12%
Andy WarholCampbell's Soup Cans
12%
Hans HolbienThe Ambassadors
12%
AlexandrosVenus De Milo
12%
James Abbott McNeillWhistler's Mother
12%
Jan van EyckArnolfini Portrait
10%
Jean-Leon GeromeThe Bath
10%
Vincent Van GoghCafe Terrace at Night
8%
Andrew WyethChristina's World
8%
Édouard ManetOlympia
8%
Francisco GoyaSaturn Devouring His Son
8%
MichelangeloThe Last Judgement
8%
Marc ChagallI and the Village
6%
Pablo PicassoLes Demoiselles d'Avignon
6%
Vincent Van GoghPotato Eaters
6%
El GrecoView of Toledo
6%
BanskyBalloon Girl
4%
Hubert Van EyckGhent Altarpiece
4%
John ConstableHay Wain
4%
Jacques-Louis DavidNapoleon Crossing the Alps
4%
Rene MagrietteSon of Man
4%
Kazimir MalevichThe Black Square
4%
CaravaggioThe Calling of Saint Matthew
4%
Pieter Bruegel the ElderThe Tower of Babel
4%
TitianVenus of Urbino
4%
John Singleton ColeplayWatson and the Shark
4%
Frederic LeightonFlaming June
2%
Rene MagrietteGolconda
2%
Pieter Bruegel the ElderHunters in the Snow
2%
CézanneMount Saint Victoire
2%
RembrandtThe Anatomy Lesson Of Dr. Nicolaes Tulp
2%
Jean-Francois MilletThe Gleaners
2%
Thomas EakinsThe Gross Clinic
2%
Bill StonehamThe Hands Resist Him
2%
Rene MagrietteThe Human Condition
2%
Henri RousseauThe Sleeping Gypsy
2%
Paolo VeroneseThe Wedding at Cana
2%
Utagawa Hiroshige53 Stations of Tokaido
0%
Paul KleeAd Paranassum
0%
Cassius Marcellus CoolidgeA Friend in Need
0%
Winslow HomerAfter the Hurricane in the Bahamas
0%
David HockneyAmerican Collectors
0%
Jan SteenA School for Boys and Girls
0%
Paul KleeAsiatic God
0%
Zdislaw Beksinki*Assorted Untitleds
0%
MichelangeloAtlas the Prisoner
0%
Edward HopperAutomat
0%
Pierre-Auguste RenoirBal du moulin de la Galette
0%
MassaccioBaptism of the Neophytes
0%
Ilya RepinBarge haulers on the Volga
0%
Henry SandhamBaseball
0%
Albrecht AltdorferBattle of Issus
0%
El LissitzkyBeat the Whites with the Red Wedge
0%
Ellen GallagherBird in Hand
0%
Mary CassattBoat Trip
0%
Camille PissarroBoulevard Montmartre Spring
0%
Ed RuschaBurning Gas Station
0%
Chaim SoutineCarcass of Beef
0%
Claude MonetCharing Cross London Bridge
0%
UnknownChauvet Cave Paintings
0%
Andy WarholChe Guevera
0%
Joaquin SorollaChildren in the Sea
0%
Wassily KandinskyComposition VIII
0%
Mauritius Cornelius EscherConvex and Concave
0%
Edvard MunchDance of Life
0%
William-Adolphe BouguereauDante and Virgil in Hell
0%
Maxfield ParrishDaybreak
0%
George RogerDeath Pits Collecting in Bergen Belsen
0%
Arnold BocklinDie Pest
0%
Dale LamphereDignity
0%
Nabil KansoDream Vision
0%
Werner TubkeEarly Bourgeois Revolution in Germany
0%
Gian Lorenzo BerniniEcstasy of Saint Teresa
0%
Roy LichtensteinEngagement Ring
0%
Tracy EminEveryone I Ever Slept With
0%
Albrecht DurerFeast at Rosary
0%
Egon SchieleFighter
0%
Francis BaconFigure in a Landscape
0%
JMW TurnerFishermen at Sea
0%
Joseph Mallord William TurnerFort Vimieux
0%
Franz MarcFoxes
0%
John Singer SargentGassed
0%
Claude MonetGrain stack in the Morning Snow
0%
Jean-Auguste-Dominique IngresGrande Odalisque
0%
Kaapa TjampitjinpaGulgardi
0%
Susshu ToyoHaboku Sansui
0%
Utagawa KuniyoshiHatsuhana doing penance under the waterfall
0%
AffandiHe Comes, Waits and Goes
0%
Frida KahloHenry Ford Hospital
0%
Frederic RemingtonHis First Lesson
0%
Jean-Michel BasquiatHollywood Africans
0%
Pedro WeingartnerIn Caldarium
0%
David HockneyIn the dull village
0%
Alice NeelJames Hunter, Black Draftee
0%
AffandiJauk Manis Dancer
0%
Aaron ShiklerJFK Portrait
0%
Xu BeihongJiang Biwei by the Table
0%
YanluoJudge of Hell
0%
Gustav KlimtJudith and the Head of Holofernes
0%
Andrea Mantegna and Andrea di BartoloLamentation over the Dead Christ
0%
Leonardo Da VinciLa Scapigliata
0%
Salvador DaliLiving Still Life
0%
Alfred BoisseauLouisiana Indians walking across the Bayou
0%
Henri MatisseLuxe Calme Et Volupte
0%
Pablo PicassoMassacre in Korea
0%
Micheal AndrewsMelanie and Me Swimming
0%
George BellowsMen of the Docks
0%
Carl LarssonMidvinterblot
0%
Russel DrysdaleMoody’s Pub
0%
Thomas GainsboroughMr and Mrs Andrews
0%
Achille BertrameMurder of the Archduke
0%
Rosso FiorentoMusical Angel
0%
Frida KahloMy Dress Hangs There
0%
Lucian FreudNaked Man With a Rat
0%
Yayoi KusamaNarcissicus River
0%
Gleb SavinovNevsky Prospekt
0%
Vincent Van GoghNight Cafe
0%
Pierre BonnardNude in the Bath Tub and a Dog
0%
Jackson PollockNumber 31
0%
Gustave CaillebotteParis Street in Rainy Weather
0%
Antoine WatteauPilgrimage To Cythera
0%
Jean-Leon GeromePollice Verso
0%
Gilbert StuartPortrait of a Gentlemen Skating
0%
David HockneyPortrait of an Artist (Pool; Two Figures)
0%
MC EscherPuddle
0%
UnknownRadha at night
0%
Paul KleeRed Balloon
0%
Boris VladimirskiRoses for Stalin
0%
Laura KnightRuby Loftus screwing a breech ring
0%
AffandiRumah Adat
0%
Norman RockwellRussian Schoolroom
0%
Paolo UccelloSaint George and the Dragon
0%
David LenzSam and the Perfect World
0%
Frida KahloSelf Portrait: Dr Eloesser
0%
Carl BlochSermon on the Mount
0%
Joaquin SorollaSewing the Sail
0%
Benito Quinquela MartinShip Under Repair
0%
Leng MeiSpring Evening Banquet
0%
George BellowsStag Night at Sharkey's
0%
Mauritius Cornelius EscherStill Life With Spherical Mirror
0%
Ford Madox BrownTake your Son Sir
0%
Childe HassamThe Avenue in the Rain
0%
Paolo UccelloThe Battle of San Romano
0%
CaravaggioThe Beheading of John the Baptist
0%
Marc ChagallThe Birthday
0%
John Singer SargentThe Birthday Party
0%
Marcel DuchampThe Bride Stripped Bare of her Bachelors Even
0%
Richard HamiltonThe Citizen
0%
Claude MonetThe Cliff Walk at Pourville
0%
John ConstableThe Cornfield
0%
Russel DrysdaleThe Cricketers
0%
Graydon ParrishThe Cycle of Terror and Tragedy
0%
Rene MagrietteThe Difficult Crossing
0%
Max ErnstThe Elephant Celebes
0%
Peter Paul RubensThe Fall of the Damned
0%
Katsushika HokusaiThe Ghost of Kohada Koheji
0%
Judy BacaThe Great Wall of Los Angeles
0%
Winslow HomerThe Gulf Stream
0%
Jean-Honore FragonardThe Happy Accidents of the Swing
0%
Damien HurstThe Impossibility of Death in the Mind of Someone Living
0%
Emily CarrThe Indian Church
0%
Claude MonetThe Japanese Bridge
0%
Thomas Hart BensonThe Kentuckian
0%
Albrecht DurerThe Knight, Death, and the Devil
0%
John William WaterhouseThe Lady of Shalott
0%
Steve GoadThe Lone Tomato
0%
Gustave CourbetThe Man Made Mad by Fear
0%
CaravaggioThe Martyrdom of Saint Matthew
0%
HiroshigeThe Moon over a waterfall
0%
David BombergThe Mud Bath
0%
Odd NerdumThe Murder of Andreas Baader
0%
Ivan AivazovskyThe Ninth Wave
0%
Jacques-Louis DavidThe Oath of Horatii
0%
Berthe MorisotThe Old Track to Auvers
0%
Hubert RobertThe Pont Du Gard
0%
Theodore GericaultThe Raft of Medusa
0%
RaphaelThe School Athens
0%
Paul GauguinThe Seed of Areoi
0%
Jack VettrianoThe Singing Butler
0%
Marshall FredericksThe Spirit of Detroit
0%
RembrandtThe Storm of the Sea of Galilee
0%
Frida KahloThe Suicide of Dorothy Hale
0%
Sidney NolanThe Trial
0%
Max ErnstThe Triumph of Surrealism
0%
Caspar David FriedrichThe Wanderer above the Sea of Fog
0%
Frida KahloThe Wounded Deer
0%
Thomas Hart BentonThe Wreck of the Ole 97
0%
DotykTornado
0%
Pieter Bruegel Sr.Triumph of Death
0%
Quinten MassysUgly Maid
0%
Zhou WenjingVisiting Dai Kui on a Snowy Night
0%
BluWar
0%
Emanuel Gottlieb LeutzeWashington crossing the Deleware
0%
Vichitre CheaWat Mural
0%
Walter SincketWhat shall we do for rent?
0%
Eurich CundallWithdrawal From Dunkirk
0%
Utagawa Kunisada IIYoshiwara at night
0%

Score Distribution

Percentile by Number Answered

Percent of People with Each Score

Your Score History

You have not taken this quiz since the last reset